| 000 | 00987nam0a2200301 4500 | ||
|---|---|---|---|
| 001 | RU\NLR\bibl\881543 | ||
| 005 | 20260405230522.0 | ||
| 010 |
_a5-902920-01-9 _92000 |
||
| 021 |
_aRU _b2005-70550 _93474 |
||
| 035 | _a(NLR Aleph) 000870108 | ||
| 090 |
_a1594153 _c1594153 |
||
| 100 | _a20051201d2005 |||y0rusy50 ca | ||
| 101 | 1 |
_arus _cund |
|
| 102 | _aRU | ||
| 105 | _aa ||||||||| | ||
| 200 | 1 |
_aНовый Коран _fПитер Рэймонд Хорабин |
|
| 210 |
_aМосква _cБ.и. _d2005 |
||
| 215 |
_a174 с. _cил. _d21 |
||
| 300 | _aНа обл. авт. не указан | ||
| 601 | 0 | 2 |
_aЦерковь Господа Иисуса Христа _92092863 _3RU\NLR\auth\661266583 |
| 686 | _aЭ378.151 | ||
| 700 | 1 |
_4070 _8rus _7ca _aХорабин _bП. Р. _gПитер Рэймонд _3RU\NLR\auth\77104512 _987437 |
|
| 801 | 0 |
_aRU _bNLR _c20051201 _grcr |
|
| 801 | 1 |
_aRU _bNLR _c20051201 |
|
| 942 | _cBOOK | ||
| 980 | _aNB | ||